|
|
|
|
| LEADER |
00000nam a2200000 a 4500 |
| 001 |
UCP8438 |
| 003 |
CL-VaPUC |
| 008 |
000303e19980000CL |||||||||||||||||spa|d |
| 082 |
0 |
4 |
|a Ch861.09
|b TAF
|2 21
|
| 100 |
0 |
|
|a Tafra S., Sylvia
|e author
|9 438399
|
| 245 |
1 |
0 |
|a Diamela Eltit: el rito de pasaje como estrategia textual
|
| 300 |
|
|
|a 102 p
|
| 942 |
|
|
|c BK
|
| 945 |
|
|
|d 20000303 00:00:00
|a rbrito
|
| 260 |
|
|
|a Santiago
|b RIL
|c 1998
|
| 600 |
|
0 |
|a Eltit, Diamela
|9 438400
|
| 650 |
|
0 |
|a Poesía chilena
|9 268403
|
| 650 |
|
0 |
|a Crítica literaria
|9 269189
|
| 650 |
|
0 |
|a Crítica e interpretación
|9 255042
|
| 583 |
|
|
|a last modification
|c 20000303 00:00:00
|k Rodrigo Vera
|
| 999 |
|
|
|c 285335
|d 285333
|
| 952 |
|
|
|0 0
|1 0
|4 0
|6 CH_861_090000000000000_TAF_1998
|7 0
|8 A
|9 329870
|a BIBHIS
|b BIBHIS
|d 2019-11-20
|i 3587444
|o Ch861.09 TAF 1998
|p 3587444
|r 2025-01-20
|w 2019-11-20
|y BK
|k HIS
|
| 952 |
|
|
|0 0
|1 0
|4 0
|6 CH_861_090000000000000_TAF_1998
|7 0
|8 A
|9 329871
|a FDOPOS
|b FDOPOS
|d 2019-11-20
|i 3643743
|o Ch861.09 TAF 1998
|p 3643743
|r 2025-01-22
|w 2019-11-20
|y BK
|k MLH
|